| 000 | 00566 a2200181 4500 | ||
|---|---|---|---|
| 999 |
_c4361 _d4361 |
||
| 010 | _aENG-86167 | ||
| 020 |
_a8179860531 _c400.00 |
||
| 035 | _aEN-69700 | ||
| 037 | _bDBAD / PUB | ||
| 082 | 1 | 4 | _a634.9 |
| 100 | 1 | _aVasan, Sudha | |
| 245 | 1 |
_aLiving with diversity : _cby Sudha Vasan _bforestry institutions in the western Himalaya / |
|
| 260 |
_aShimla _bIndian Institute of Advanced Study _c2006 |
||
| 270 |
_aRastrapati Nivas _bShimla |
||
| 300 |
_axviii, 273 p. _c22cm. (Hb.) |
||
| 500 | _aIncludes index | ||
| 942 |
_adpl _cEN _2ddc _h634.9 _mSUD |
||